000 00667 a2200193 4500
001 216222548
003 UA-OsUOA
005 20220629122229.0
008 220629b un ||||| |||| 00| 0 ukr d
040 _aUA-OsUOA
_bukr
_cUA-OsUOA
_dUA-OsUOA
041 _aukr
080 _a09:050
090 _a09:050
_bЖ74
245 _aЖиття і Слово
_n1948: № 1, 2; 1948-1949: № 3-4
_cРед. М. Мох
650 _2UDC
_a09:050 Серійні публікації та періодика
942 _cMG
_2udc
955 _a0
999 _c458105
_d458105